Statystyki dla Ulice w mieście Zduńska Wola

Kliknij tutaj aby rozwiązać quiz!

Ogólne statystyki

  • Ten quiz został rozwiązany 33 razy
  • Średni wynik to 75 z 306

Statystyki odpowiedzi

Nazwa ulicy% Poprawnych
Łódzka
87%
Sieradzka
87%
Długa
80%
Dolna
80%
Krótka
80%
Jasna
73%
Kościelna
73%
Łąkowa
73%
Łaska
73%
Srebrna
73%
Świerkowa
73%
Torowa
73%
Zielona
73%
Złota
73%
Adama Mickiewicza
67%
Dworcowa
67%
Kwiatowa
67%
Leśna
67%
Stefana Żeromskiego
67%
Szadkowska
67%
Szkolna
67%
Tadeusza Kościuszki
67%
Boczna
60%
Jana Kilińskiego
60%
Jodłowa
60%
Marii Skłodowskiej-Curie
60%
Różana
60%
Wschodnia
60%
Azaliowa
53%
Jarosława Dąbrowskiego
53%
Juliusza
53%
Klonowa
53%
Komisji Edukacji Narodowej
53%
Odrzańska
53%
Opiesińska
53%
Północna
53%
Południowa
53%
prof. dr. Tadeusza Kobusiewicza
53%
Widawska
53%
Wodna
53%
Zachodnia
53%
Zduńska
53%
Brzozowa
47%
Ceramiczna
47%
Czeska
47%
Dębowa
47%
Getta Żydowskiego
47%
Główna
47%
Henryka Sienkiewicza
47%
Juliana Tuwima
47%
Juliusza Słowackiego
47%
Kacza
47%
Karsznicka
47%
Królewska
47%
Ogrodowa
47%
Osmolińska
47%
Paprocka
47%
Piwna
47%
Polna
47%
Poznańska
47%
Słoneczna
47%
Wiejska
47%
Wilcza
47%
Żytnia
47%
Cicha
40%
Dojazd
40%
Grabowa
40%
Kręta
40%
Krucza
40%
Krzysztofa Kamila Baczyńskiego
40%
Lawendowa
40%
Liliowa
40%
Mostowa
40%
Parkowa
40%
Prosta
40%
Spacerowa
40%
Torfowa
40%
Wiślana
40%
Bałtycka
33%
Bukowa
33%
Fryderyka Chopina
33%
gen. Józefa Bema
33%
gen. Władysława Sikorskiego
33%
Hetmańska
33%
Jana III Sobieskiego
33%
Kardynała Stefana Wyszyńskiego
33%
Orla
33%
Podleśna
33%
Pomorska
33%
Rolna
33%
Sosnowa
33%
Stefana Złotnickiego
33%
św. Alojzego Orione
33%
św. Maksymiliana Marii Kolbego
33%
Szpitalna
33%
Warcka
33%
Wiśniowa
33%
Wspólna
33%
Żurawia
33%
Bolesława Leśmiana
27%
Borowa
27%
Cisowa
27%
Daleka
27%
Fabryczna
27%
Feliksa Rajczaka
27%
Grzybowa
27%
Henrykowska
27%
Jarosława Iwaszkiewicza
27%
Jaśminowa
27%
Jaworowa
27%
Kaczeńcowa
27%
Klasztorna
27%
Kolejowa
27%
Konwaliowa
27%
Krańcowa
27%
Lipowa
27%
Marii Konopnickiej
27%
Marzenińska
27%
Mikołaja Reja
27%
Narwiańska
27%
Nowy Świat
27%
Piaskowa
27%
Podmiejska
27%
Przemysłowa
27%
Radosna
27%
Sadowa
27%
Sportowa
27%
Stanisława Żółkiewskiego
27%
Tymienicka
27%
Urocza
27%
Władysława Jagiełły
27%
Wojska Polskiego
27%
Zakopiańska
27%
Agrestowa
20%
Akacjowa
20%
Aleksandra Gierymskiego
20%
Astrowa
20%
Bolesława Prusa
20%
Cypriana Kamila Norwida
20%
Dobra
20%
Elizy Orzeszkowej
20%
Gabriela Narutowicza
20%
Graniczna
20%
Jana Matejki
20%
Jesionowa
20%
Juliusza Sylli
20%
Kryształowa
20%
Leopolda Staffa
20%
Liściasta
20%
Longinusa Podbipięty
20%
Ludwika Zamenhofa
20%
Malinowa
20%
Marii Pawlikowskiej-Jasnorzewskiej
20%
Mikołaja Kopernika
20%
Narciarska
20%
Poziomkowa
20%
Słowiańska
20%
Sokola
20%
Spokojna
20%
Stanisława Wyspiańskiego
20%
Topolowa
20%
Tulipanowa
20%
Wincentego Witosa
20%
Wisławy Szymborskiej
20%
Wita Stwosza
20%
Władysława Reymonta
20%
Wolska
20%
Zbożowa
20%
Zielonogórska
20%
1 Maja
13%
Andrzeja Kmicica
13%
Andrzeja Struga
13%
Bronisława Tomaszewskiego
13%
Cyprysowa
13%
Czeremchy
13%
Gołębia
13%
Grunwaldzka
13%
Iglasta
13%
Jana Kazimierza
13%
Jana Kochanowskiego
13%
Kanałowa
13%
Karola Szymanowskiego
13%
Kłosowa
13%
Laskowa
13%
Leszczynowa
13%
Ludowa
13%
Ludwika Solskiego
13%
Miła
13%
Młynarska
13%
Piekarska
13%
Pilicka
13%
Piłkarska
13%
Piniowa
13%
Piotra Skargi
13%
Przejazd
13%
Przyjaźni
13%
Przytorze
13%
Stanisława Ignacego Witkiewicza
13%
Stanisława Staszica
13%
Stawowa
13%
Tenisowa
13%
Tkacka
13%
Ukośna
13%
Wierzbowa
13%
Wiklinowa
13%
Wileńska
13%
Wincentego Pola
13%
Wiosenna
13%
Wolna
13%
Zgody
13%
Aleksandra Fredry
7%
Cedrowa
7%
Cementowa
7%
Drwęcka
7%
Głogowa
7%
Heleny Modrzejewskiej
7%
Ignacego Jana Paderewskiego
7%
Inżynierska
7%
Irysowa
7%
Jabłeczna
7%
Jacka Malczewskiego
7%
Jagodowa
7%
Jałowcowa
7%
Józefa Chełmońskiego
7%
Juliana Ursyna Niemcewicza
7%
Juliusza Kossaka
7%
Kasztanowa
7%
Kosodrzewiny
7%
Krakowski
7%
Krzywa
7%
ks. Jana Twardowskiego
7%
Łanowa
7%
Magnoliowa
7%
Maratońska
7%
Michała Wołodyjowskiego
7%
Modrzewiowa
7%
Murarska
7%
Nadziei
7%
Notecka
7%
Nowomiejska
7%
Obywatelska
7%
Orzechowa
7%
Partyzantów
7%
Robotnicza
7%
Romualda Traugutta
7%
Rycerska
7%
Saneczkowa
7%
Sielska
7%
Spółdzielcza
7%
Stefana Jaracza
7%
Strzelecka
7%
Targowa
7%
Wąska
7%
Wiązowa
7%
Wojciecha Bogusławskiego
7%
Wrzosowa
7%
Żeglińska
7%
Zofii Nałkowskiej
7%
Antoniego Słonimskiego
0%
Braterska
0%
Dziewiarska
0%
Grażyny Bacewicz
0%
Haliny Poświatowskiej
0%
Henryka Wieniawskiego
0%
Hetmana Stefana Czarnieckiego
0%
Hugona Kołłątaja
0%
Jana Długosza
0%
Jana Onufrego Zagłoby
0%
Jana Skrzetuskiego
0%
Janusza Korczaka
0%
Janusza Teodora Dybowskiego
0%
Jarzębinowa
0%
Jedności
0%
Jerzego Szaniawskiego
0%
Juliana Przybosia
0%
Kalinowa
0%
Kazimierza Kałużewskiego
0%
Kombatantów
0%
Konstantego Ildefonsa Gałczyńskiego
0%
ks. Jerzego Popiełuszki
0%
ks. prof. Józefa Tischnera
0%
Lniana
0%
Mieczysława Karłowicza
0%
Miłorzębowa
0%
mjr. Henryka Sucharskiego
0%
Nerska
0%
Obrońców Westerplatte
0%
Olimpijska
0%
Orzycka
0%
Platanowa
0%
Pokoju
0%
Poprzeczna
0%
Porębska
0%
Sejmowa
0%
Serdeczna
0%
Siewna
0%
Śnieżna
0%
Społeczna
0%
Stanisława Grochowiaka
0%
Stanisława Moniuszki
0%
Stefana Okrzei
0%
Szpakowa
0%
Turystyczna
0%
Wczasowa
0%
Wychodnia
0%
Zakątna
0%

Rozkład punktacji

Percentyl według liczby udzielonych odpowiedzi

Procent ludzi z każdym wynikiem

Twoja historia wyników

Nie rozwiązałeś tego quizu